00249nam a22001097a 4500020001800000082001400018100001600032245004800048250000900096260002500105300000900130 a9788131760697 a621.8 SIN aSadhu Singh aTheory of Machines: kinematics and dynamics a3rd. aDelhibPearsonc2013 a1370